00529cam a22002171 4500001001300000003000400013005001700017008004100034010001700075035002000092040001800112042001200130050001600142100003800158245003400196260001000230300001800240500001500258650002100273999001700294sa 68015776 DLC20260227112646.0890630s1966 ce 000 0 sino  asa 68015776  a(OCoLC)19952395 aDLCcWaUdDLC apremarc00aBJ1289b.S41 aSeelarathana, Hendiyagala,d1913-10aSapta aparihānīya dharma. c1966. a29 p.c20 cm. aSinhalese. 0aBuddhist ethics. c86678d86678